000 01279nam a22003497a 4500
003 CHAP
005 20220329135255.0
008 971013s1982 r 00010 d
010 _a33631
011 _a34603
035 _a38719
040 _cCHAP
090 _aTesis
100 0 0 _aMedina Gasca, José Alejandro.
_973964
245 _aAportación al estudio de los sistema de evaluación genéticos, particularmente las pruebas de comportamiento individual en ganado bovino productor de carne
260 _aMéxico, D.F. :
_bEl autor,
_c1982
300 _a(s.p.)
502 _aTesis (Médico Veterinario Zootecnista) -- UNAM. Fac. de Medicina Veterinaria y Zootecnia
590 _aALEPH
_b10
_c20130110
_lUCH01
_h1258
590 _aBATCH-UPD
_b10
_c20130110
_lUCH01
_h0320
590 _aBATCH-UPD
_b10
_c20130110
_lUCH01
_h1708
590 _aBATCH-UPD
_b10
_c20130409
_lUCH01
_h2353
590 _aBATCH-UPD
_b10
_c20130410
_lUCH01
_h1608
590 _aBATCH-UPD
_b10
_c20130914
_lUCH01
_h1510
590 _aCONVERSION
_b10
_c20130109
_lUCH01
_h1319
650 1 4 _aGanado de carne
_xGenética.
_945084
650 1 4 _aGanado vacuno
_xReproducción.
_945510
650 1 4 _aGanado vacuno
_xSelección.
_945513
901 _aBK
942 _cTESIS
949 _bBC
_cTES
_d-88492
_eTS1
_i38719
_si
999 _c33631
_d33631